000 00908nas a2200313 4500
001 BR0402035
003 BR-BrBNA
005 20231205104507.0
007 ta
008 230509b bl.|||p| |||| 00| 00por d
040 _aBR-BrBNA
_bpor
_cBiblioteca Nacional de Agricultura
041 _a(Pt)
072 _aK10; F08
100 1 _aVale, R.S. do
100 1 _aMacedo, R.L.G.
100 1 _aVenturin, N.
100 1 _aVale, A.B. do
100 1 _aMorais, A.R. de
245 1 _aEfeito da desrama artificial no crescimento de clones de eucalipto em sistema agrossilvipastoril
650 _aEUCALIPTO
650 _aCRESCIMENTO
650 _aCLONE
650 _aPODA
650 _aDESBASTE
650 _aAGROSSILVICULTURA
773 0 _tRevista Árvore (Brazil)
_xISSN 0100-6762
_g(Oct-Dec 2001), v. 25(4) p. 419-429
_wBR0402035
909 _a202311
_bLúcia
_c55
_dLúcia Elande
942 _2AGRIS
_n0
_cANA
999 _c178390
_d178390